000 00742cab a2200241 4500
001 WB3035-07
008 090401t1994 xxu||||| |||| 00| 0 eng d
035 _a(Sirsi) u52743
041 _aeng
245 _aWolfson rejects facelift for Wembley
260 _c1994
350 _a0
490 _aSunday Telegraph
_v18 September 1994, Business 1(1)
520 _aThe private stadium company, Stadivarios, leads a consortium of financial and construction companies in a bid to modernise Wembley Stadium.
650 _aGENESIS
650 _aLEISURE COMPLEX
650 _aSTADIA
650 _aWEMBLEY STADIUM
690 _aBUILDING AND CONSTRUCTION-PROJECTS
690 _aLEISURE AND RECREATION
942 _n0
948 _c04/03/1997
999 _c32581
_d32581